Wettest Cities in North America - Statistics

General Stats
  • This quiz has been taken 67 times
  • The average score is 10 of 15
Answer Stats
# Avge. Rainfall Answer % Correct
3 1712 Miami
96%
14 1257 Tampa
88%
7 1356 Jacksonville
85%
9 1307 Orlando
85%
11 1281 Atlanta
83%
6 1365 Houston
75%
13 1260 New York
67%
4 1489 Santo Domingo
60%
8 1353 Port-au-Prince
58%
12 1274,8 Guatemala City
56%
1 1907.2 Panama City
56%
10 1283 Nashville
48%
2 1786 San Salvador
48%
5 1431.3 San Juan
46%
15 1249 Virginia Beach
23%
No matching quizzes found
Score Distribution
Percent of People with Each Score
Percentile by Number Answered
Your Score History
You have not taken this quiz